00461nam a22001697a 450000500170000001000150001702000110003203500140004303700090005708200150006610000150008124500430009625000060013926000540014527000720019930000200027120260408142432.0 aENG-148183 c250.00 aEN-131715 bDBAD a181.49921 aDas, Manoj aSri Aurobindo on Education/cManoj Das a1 aNew DelhibNational Council for Teacher Education aHans Bhawan, Wing-II, 1, Bahadur Shah Zafar MargbNew Delhie110002 a133p.c22cm(pb)